[Event "British Rapidplay Championship 2023"]
[Site "Mercure Bradford, Bankfield Hotel"]
[Date "2023.04.15"]
[Round "5.5"]
[White "Ortiz Sanchez, Luis"]
[Black "Mokhber-Garcia, Sebastian"]
[Result "0-1"]
[TimeControl "All moves in 15 minutes plus 10 second increment per move from move 1"]
[WhiteElo "2067"]
[BlackElo "1592"]

1. Nf3 {[%clk 00:15:17]} {[%emt 00:00:03]} Nf6 {[%clk 00:15:17]} {[%emt
00:00:04]} 2. d4 {[%clk 00:15:25]} {[%emt 00:00:01]} g6 {[%clk 00:15:26]}
{[%emt 00:00:02]} 3. Nc3 {[%clk 00:15:33]} {[%emt 00:00:02]} Bg7 {[%clk
00:15:34]} {[%emt 00:00:01]} 4. e4 {[%clk 00:15:36]} {[%emt 00:00:07]} d6
{[%clk 00:15:43]} 5. Be2 {[%clk 00:15:44]} {[%emt 00:00:02]} O-O {[%clk
00:15:47]} {[%emt 00:00:07]} 6. O-O {[%clk 00:15:51]} {[%emt 00:00:03]} Nbd7
{[%clk 00:15:36]} {[%emt 00:00:21]} 7. h3 {[%clk 00:15:45]} {[%emt 00:00:16]}
e5 {[%clk 00:15:43]} {[%emt 00:00:03]} 8. dxe5 {[%clk 00:15:38]} {[%emt
00:00:16]} Nxe5 {[%clk 00:15:48]} {[%emt 00:00:05]} 9. Nxe5 {[%clk 00:15:46]}
{[%emt 00:00:03]} dxe5 {[%clk 00:15:56]} {[%emt 00:00:01]} 10. Bg5 {[%clk
00:15:20]} {[%emt 00:00:37]} Be6 {[%clk 00:15:50]} {[%emt 00:00:16]} 11. Qc1
{[%clk 00:15:07]} {[%emt 00:00:22]} Qe7 {[%clk 00:15:25]} {[%emt 00:00:35]} 12.
Rd1 {[%clk 00:15:08]} {[%emt 00:00:09]} c6 {[%clk 00:15:29]} {[%emt 00:00:07]}
13. a3 {[%clk 00:14:44]} {[%emt 00:00:34]} Rad8 {[%clk 00:15:37]} {[%emt
00:00:02]} 14. Qe3 {[%clk 00:14:53]} {[%emt 00:00:01]} b6 {[%clk 00:15:39]}
{[%emt 00:00:08]} 15. Rxd8 {[%clk 00:14:13]} {[%emt 00:00:50]} Rxd8 {[%clk
00:15:46]} {[%emt 00:00:02]} 16. Rd1 {[%clk 00:14:03]} {[%emt 00:00:20]} Rxd1+
{[%clk 00:15:53]} {[%emt 00:00:03]} 17. Nxd1 {[%clk 00:13:50]} {[%emt
00:00:24]} Qf8 {[%clk 00:15:48]} {[%emt 00:00:14]} 18. Nc3 {[%clk 00:13:36]}
{[%emt 00:00:24]} h6 {[%clk 00:15:55]} {[%emt 00:00:03]} 19. Bh4 {[%clk
00:13:20]} {[%emt 00:00:26]} g5 {[%clk 00:16:02]} {[%emt 00:00:04]} 20. Bg3
{[%clk 00:13:30]} Qd6 {[%clk 00:15:52]} {[%emt 00:00:20]} 21. Qd3 {[%clk
00:12:15]} {[%emt 00:01:25]} Qd4 {[%clk 00:15:40]} {[%emt 00:00:21]} 22. Kf1
{[%clk 00:11:22]} {[%emt 00:01:04]} Nh5 {[%clk 00:14:59]} {[%emt 00:00:50]} 23.
Bxh5 {[%clk 00:10:59]} {[%emt 00:00:34]} Bc4 {[%clk 00:15:06]} {[%emt
00:00:03]} 24. Qxc4 {[%clk 00:10:41]} {[%emt 00:00:28]} Qxc4+ {[%clk 00:15:12]}
{[%emt 00:00:04]} 25. Be2 {[%clk 00:10:49]} {[%emt 00:00:02]} Qd4 {[%clk
00:15:17]} {[%emt 00:00:04]} 26. Bd3 {[%clk 00:10:51]} {[%emt 00:00:08]} c5
{[%clk 00:15:21]} {[%emt 00:00:06]} 27. f3 {[%clk 00:10:52]} {[%emt 00:00:09]}
Bf8 {[%clk 00:15:20]} {[%emt 00:00:10]} 28. Bf2 {[%clk 00:10:59]} {[%emt
00:00:04]} Qd6 {[%clk 00:15:28]} {[%emt 00:00:02]} 29. Nd5 {[%clk 00:11:08]}
{[%emt 00:00:02]} Kg7 {[%clk 00:14:58]} {[%emt 00:00:40]} 30. Be1 {[%clk
00:11:07]} {[%emt 00:00:12]} f6 {[%clk 00:15:05]} {[%emt 00:00:02]} 31. Ne3
{[%clk 00:11:11]} {[%emt 00:00:06]} Qc7 {[%clk 00:14:56]} {[%emt 00:00:18]} 32.
Nd5 {[%clk 00:11:09]} {[%emt 00:00:13]} Qc8 {[%clk 00:15:00]} {[%emt 00:00:05]}
33. Bc3 {[%clk 00:11:05]} {[%emt 00:00:15]} c4 {[%clk 00:15:03]} {[%emt
00:00:07]} 34. Be2 {[%clk 00:11:06]} {[%emt 00:00:08]} b5 {[%clk 00:15:11]}
{[%emt 00:00:02]} 35. Ba5 {[%clk 00:10:06]} {[%emt 00:01:11]} Bc5 {[%clk
00:14:50]} {[%emt 00:00:30]} 36. c3 {[%clk 00:09:57]} {[%emt 00:00:19]} Qd7
{[%clk 00:14:36]} {[%emt 00:00:23]} 37. Ke1 {[%clk 00:09:28]} {[%emt 00:00:40]}
f5 {[%clk 00:14:29]} {[%emt 00:00:17]} 38. a4 {[%clk 00:09:26]} {[%emt
00:00:13]} fxe4 {[%clk 00:14:24]} {[%emt 00:00:15]} 39. fxe4 {[%clk 00:09:34]}
{[%emt 00:00:02]} Qf7 {[%clk 00:14:07]} {[%emt 00:00:26]} 40. Bf3 {[%clk
00:09:29]} {[%emt 00:00:16]} bxa4 {[%clk 00:14:08]} {[%emt 00:00:09]} 41. Bc7
{[%clk 00:09:19]} {[%emt 00:00:20]} Qe8 {[%clk 00:13:45]} {[%emt 00:00:32]} 42.
Bg4 {[%clk 00:09:07]} {[%emt 00:00:24]} a3 {[%clk 00:13:47]} {[%emt 00:00:08]}
43. bxa3 {[%clk 00:08:49]} {[%emt 00:00:28]} Bxa3 {[%clk 00:13:49]} {[%emt
00:00:06]} 44. Bf5 {[%clk 00:08:51]} {[%emt 00:00:09]} h5 {[%clk 00:13:15]}
{[%emt 00:00:44]} 45. g4 {[%clk 00:08:29]} {[%emt 00:00:32]} hxg4 {[%clk
00:13:07]} {[%emt 00:00:18]} 46. hxg4 {[%clk 00:08:30]} {[%emt 00:00:09]} Bc1
{[%clk 00:13:12]} {[%emt 00:00:06]} 47. Bd6 {[%clk 00:08:08]} {[%emt 00:00:32]}
Bf4 {[%clk 00:13:15]} {[%emt 00:00:06]} 48. Be7 {[%clk 00:07:48]} {[%emt
00:00:30]} Qa4 {[%clk 00:12:53]} {[%emt 00:00:32]} 49. Bf6+ {[%clk 00:07:23]}
{[%emt 00:00:35]} Kf7 {[%clk 00:12:46]} {[%emt 00:00:17]} 50. Nxf4 {[%clk
00:04:54]} {[%emt 00:02:39]} Kxf6 {[%clk 00:12:37]} {[%emt 00:00:19]} 51. Nd5+
{[%clk 00:05:01]} {[%emt 00:00:04]} Kf7 {[%clk 00:12:43]} {[%emt 00:00:03]} 52.
Kd2 {[%clk 00:04:40]} {[%emt 00:00:31]} Qa2+ {[%clk 00:12:48]} {[%emt
00:00:05]} 53. Ke3 {[%clk 00:04:43]} {[%emt 00:00:07]} a5 {[%clk 00:12:53]}
{[%emt 00:00:05]} 54. Bd7 {[%clk 00:04:42]} {[%emt 00:00:11]} a4 {[%clk
00:12:52]} {[%emt 00:00:11]} 55. Nb4 {[%clk 00:04:40]} {[%emt 00:00:13]} Qb3
{[%clk 00:12:56]} {[%emt 00:00:05]} 56. Kd2 {[%clk 00:04:01]} {[%emt 00:00:49]}
a3 {[%clk 00:12:55]} {[%emt 00:00:12]} 57. Bc6 {[%clk 00:03:51]} {[%emt
00:00:20]} a2 {[%clk 00:12:56]} {[%emt 00:00:09]} 58. Bd5+ {[%clk 00:04:00]}
{[%emt 00:00:01]} Kf8 {[%clk 00:13:03]} {[%emt 00:00:02]} 0-1

[Event "British Rapidplay Championship 2023"]
[Site "Mercure Bradford, Bankfield Hotel"]
[Date "2023.04.15"]
[Round "5.6"]
[White "Brencher, Paul"]
[Black "Stephens, Carl"]
[Result "1-0"]
[TimeControl "All moves in 15 minutes plus 10 second increment per move from move 1"]
[WhiteElo "2022"]
[BlackElo "1682"]

1. d4 {[%clk 00:15:17]} {[%emt 00:00:02]} d5 {[%clk 00:15:13]} {[%emt
00:00:07]} 2. Nc3 {[%clk 00:15:20]} {[%emt 00:00:08]} Nf6 {[%clk 00:15:11]}
{[%emt 00:00:11]} 3. Bf4 {[%clk 00:15:28]} {[%emt 00:00:02]} c6 {[%clk
00:15:04]} {[%emt 00:00:18]} 4. Qd2 {[%clk 00:15:30]} {[%emt 00:00:08]} Bf5
{[%clk 00:15:06]} {[%emt 00:00:08]} 5. f3 {[%clk 00:15:37]} {[%emt 00:00:03]}
e6 {[%clk 00:13:41]} {[%emt 00:01:34]} 6. g4 {[%clk 00:15:45]} {[%emt
00:00:02]} Bg6 {[%clk 00:13:51]} {[%emt 00:00:02]} 7. h4 {[%clk 00:15:54]}
{[%emt 00:00:01]} h6 {[%clk 00:13:59]} {[%emt 00:00:01]} 8. e3 {[%clk
00:15:50]} {[%emt 00:00:14]} Bd6 {[%clk 00:13:27]} {[%emt 00:00:43]} 9. Nh3
{[%clk 00:15:52]} {[%emt 00:00:08]} Qc7 {[%clk 00:13:16]} {[%emt 00:00:20]} 10.
Qh2 {[%clk 00:15:25]} {[%emt 00:00:37]} Bxf4 {[%clk 00:12:59]} {[%emt
00:00:28]} 11. Nxf4 {[%clk 00:14:36]} {[%emt 00:00:58]} Bxc2 {[%clk 00:12:15]}
{[%emt 00:00:54]} 12. Qxc2 {[%clk 00:14:33]} {[%emt 00:00:12]} Nbd7 {[%clk
00:11:50]} {[%emt 00:00:36]} 13. O-O-O {[%clk 00:14:17]} {[%emt 00:00:26]} a6
{[%clk 00:10:56]} {[%emt 00:01:04]} 14. Be2 {[%clk 00:12:55]} {[%emt 00:01:32]}
b5 {[%clk 00:10:20]} {[%emt 00:00:46]} 15. g5 {[%clk 00:12:41]} {[%emt
00:00:24]} hxg5 {[%clk 00:08:04]} {[%emt 00:02:25]} 16. hxg5 {[%clk 00:12:49]}
{[%emt 00:00:03]} Rxh1 {[%clk 00:07:55]} {[%emt 00:00:19]} 17. Rxh1 {[%clk
00:12:58]} O-O-O {[%clk 00:08:00]} {[%emt 00:00:02]} 18. gxf6 {[%clk 00:12:59]}
{[%emt 00:00:12]} gxf6 {[%clk 00:07:43]} {[%emt 00:00:26]} 19. Nd3 {[%clk
00:12:19]} {[%emt 00:00:50]} Rg8 {[%clk 00:06:43]} {[%emt 00:01:10]} 20. Nc5
{[%clk 00:11:45]} {[%emt 00:00:45]} Nxc5 {[%clk 00:05:52]} {[%emt 00:01:01]} 21.
dxc5 {[%clk 00:11:53]} {[%emt 00:00:01]} Kb7 {[%clk 00:05:55]} {[%emt
00:00:07]} 22. b4 {[%clk 00:11:16]} {[%emt 00:00:48]} Rg2 {[%clk 00:05:38]}
{[%emt 00:00:28]} 23. a4 {[%clk 00:10:38]} {[%emt 00:00:47]} Qe5 {[%clk
00:05:09]} {[%emt 00:00:39]} 24. axb5 {[%clk 00:04:54]} {[%emt 00:05:54]} axb5
{[%clk 00:03:49]} {[%emt 00:01:31]} 25. Rh7 {[%clk 00:04:08]} {[%emt 00:00:55]}
Qxe3+ {[%clk 00:02:50]} {[%emt 00:01:09]} 26. Kb1 {[%clk 00:03:58]} {[%emt
00:00:20]} Qd4 {[%clk 00:01:35]} {[%emt 00:01:25]} 27. Rxf7+ {[%clk 00:03:58]}
{[%emt 00:00:10]} Kc8 {[%emt 00:00:19]} 28. Rf8+ {[%clk 00:04:05]} Kb7 {[%clk
00:00:37]} {[%emt 00:01:01]} 29. Qh7+ {[%clk 00:04:13]} {[%emt 00:00:25]} 1-0

[Event "British Rapidplay Championship 2023"]
[Site "Mercure Bradford, Bankfield Hotel"]
[Date "2023.04.15"]
[Round "5.7"]
[White "Clark, Robert G"]
[Black "Bennett, Eric"]
[Result "1-0"]
[TimeControl "All moves in 15 minutes plus 10 second increment per move from move 1"]
[WhiteElo "2008"]
[BlackElo "1730"]

1. c4 {[%clk 00:15:17]} {[%emt 00:00:02]} e6 {[%clk 00:15:18]} {[%emt
00:00:02]} 2. g3 {[%clk 00:15:25]} {[%emt 00:00:02]} d5 {[%clk 00:15:27]} 3.
Bg2 {[%clk 00:15:32]} {[%emt 00:00:03]} c6 {[%clk 00:15:35]} {[%emt 00:00:01]}
4. Nf3 {[%clk 00:15:38]} {[%emt 00:00:05]} a6 {[%clk 00:15:43]} {[%emt
00:00:02]} 5. O-O {[%clk 00:15:37]} {[%emt 00:00:11]} Nd7 {[%clk 00:15:50]}
{[%emt 00:00:03]} 6. b3 {[%clk 00:15:38]} {[%emt 00:00:09]} b5 {[%clk
00:15:56]} {[%emt 00:00:05]} 7. d3 {[%clk 00:14:46]} {[%emt 00:01:01]} Bb7
{[%clk 00:15:59]} {[%emt 00:00:06]} 8. Bb2 {[%clk 00:14:39]} {[%emt 00:00:17]}
Ngf6 {[%clk 00:16:07]} {[%emt 00:00:03]} 9. Nbd2 {[%clk 00:14:34]} {[%emt
00:00:15]} Be7 {[%clk 00:16:15]} {[%emt 00:00:02]} 10. Re1 {[%clk 00:14:20]}
{[%emt 00:00:24]} O-O {[%clk 00:16:23]} {[%emt 00:00:03]} 11. Qc2 {[%clk
00:14:04]} {[%emt 00:00:25]} Rc8 {[%clk 00:16:30]} {[%emt 00:00:02]} 12. e4
{[%clk 00:13:26]} {[%emt 00:00:49]} Bc5 {[%clk 00:16:33]} {[%emt 00:00:08]} 13.
d4 {[%clk 00:12:56]} {[%emt 00:00:40]} Ba7 {[%emt 00:00:53]} 14. a4 {[%clk
00:12:15]} bxc4 {[%clk 00:16:41]} {[%emt 00:00:09]} 15. bxc4 {[%clk 00:12:10]}
{[%emt 00:00:14]} dxe4 {[%clk 00:16:24]} {[%emt 00:00:27]} 16. Nxe4 {[%clk
00:10:45]} {[%emt 00:01:35]} Nxe4 {[%clk 00:16:32]} {[%emt 00:00:02]} 17. Qxe4
{[%clk 00:10:02]} {[%emt 00:00:53]} Nf6 {[%clk 00:16:40]} {[%emt 00:00:02]} 18.
Qe2 {[%clk 00:08:54]} {[%emt 00:01:18]} c5 {[%clk 00:16:45]} {[%emt 00:00:05]}
19. Red1 {[%clk 00:07:34]} {[%emt 00:01:30]} cxd4 {[%clk 00:16:54]} {[%emt
00:00:01]} 20. Nxd4 {[%clk 00:06:43]} {[%emt 00:01:01]} Qc7 {[%clk 00:16:54]}
{[%emt 00:00:09]} 21. Bxb7 {[%clk 00:05:37]} {[%emt 00:01:17]} Qxb7 {[%clk
00:17:03]} {[%emt 00:00:01]} 22. Rab1 {[%clk 00:05:20]} {[%emt 00:00:27]} Bxd4
{[%clk 00:16:58]} {[%emt 00:00:15]} 23. Bxd4 {[%clk 00:05:03]} {[%emt
00:00:27]} Qc6 {[%clk 00:17:06]} {[%emt 00:00:01]} 24. Bxf6 {[%clk 00:04:27]}
{[%emt 00:00:47]} gxf6 {[%clk 00:17:15]} {[%emt 00:00:02]} 25. Qg4+ {[%clk
00:03:54]} {[%emt 00:00:41]} Kh8 {[%clk 00:17:23]} {[%emt 00:00:02]} 26. Qf4
{[%clk 00:03:22]} {[%emt 00:00:43]} e5 {[%clk 00:17:31]} {[%emt 00:00:02]} 27.
Qf5 {[%clk 00:03:06]} {[%emt 00:00:26]} Qe6 {[%clk 00:17:39]} {[%emt 00:00:02]}
28. Qxe6 {[%clk 00:03:05]} {[%emt 00:00:10]} fxe6 {[%clk 00:17:48]} {[%emt
00:00:02]} 29. Rb6 {[%clk 00:02:57]} {[%emt 00:00:18]} a5 {[%clk 00:17:52]}
{[%emt 00:00:06]} 30. Rd7 {[%emt 00:00:30]} Rfd8 {[%clk 00:17:53]} 31. Rf7
{[%clk 00:02:18]} {[%emt 00:00:37]} Rf8 {[%clk 00:17:44]} {[%emt 00:00:20]} 32.
Rxf8+ {[%clk 00:02:16]} {[%emt 00:00:13]} Rxf8 {[%clk 00:17:52]} {[%emt
00:00:01]} 33. Rxe6 {[%clk 00:02:25]} {[%emt 00:00:01]} Kg7 {[%clk 00:17:59]}
{[%emt 00:00:03]} 34. Ra6 {[%clk 00:02:30]} {[%emt 00:00:05]} Rc8 {[%clk
00:18:08]} 35. Rxa5 {[%clk 00:02:32]} {[%emt 00:00:08]} Rxc4 {[%clk 00:18:17]}
{[%emt 00:00:01]} 36. Ra7+ {[%clk 00:02:36]} {[%emt 00:00:06]} Kg6 {[%clk
00:18:26]} 37. a5 {[%clk 00:02:45]} {[%emt 00:00:02]} Ra4 {[%clk 00:18:35]}
{[%emt 00:00:01]} 38. a6 {[%clk 00:02:53]} h5 {[%clk 00:18:43]} {[%emt
00:00:02]} 39. Ra8 {[%clk 00:02:38]} {[%emt 00:00:25]} Kf5 {[%clk 00:18:52]}
{[%emt 00:00:01]} 40. Kg2 {[%clk 00:02:12]} {[%emt 00:00:37]} Ra2 {[%clk
00:19:01]} 41. a7 {[%clk 00:02:18]} {[%emt 00:00:04]} Ra4 {[%clk 00:19:09]}
{[%emt 00:00:02]} 42. Rh8 {[%clk 00:01:37]} {[%emt 00:00:49]} Rxa7 {[%clk
00:19:17]} {[%emt 00:00:03]} 43. Rxh5+ {[%clk 00:01:46]} {[%emt 00:00:01]} Kg6
{[%clk 00:19:26]} 44. Rh8 {[%clk 00:01:45]} {[%emt 00:00:10]} Ra2 {[%clk
00:19:35]} {[%emt 00:00:03]} 45. Rb8 {[%clk 00:01:50]} {[%emt 00:00:04]} Ra6
{[%clk 00:19:42]} {[%emt 00:00:03]} 46. Rb3 {[%clk 00:01:54]} {[%emt 00:00:05]}
Ra2 {[%clk 00:19:51]} {[%emt 00:00:02]} 47. Kf3 {[%clk 00:02:02]} {[%emt
00:00:02]} Ra4 {[%clk 00:19:59]} {[%emt 00:00:03]} 48. h4 {[%clk 00:01:45]}
{[%emt 00:00:26]} Rc4 {[%clk 00:20:08]} {[%emt 00:00:01]} 49. Rb8 {[%clk
00:01:48]} {[%emt 00:00:07]} Rc3+ {[%clk 00:20:16]} {[%emt 00:00:02]} 50. Kg2
{[%clk 00:01:53]} {[%emt 00:00:05]} Rc2 {[%clk 00:20:24]} {[%emt 00:00:03]} 51.
Rg8+ {[%emt 00:00:05]} Kf7 {[%emt 00:00:02]} 52. Rg4 {[%clk 00:01:51]} {[%emt
00:00:04]} Rd2 {[%clk 00:20:29]} {[%emt 00:00:06]} 53. h5 {[%clk 00:01:59]}
{[%emt 00:00:01]} Rd8 {[%clk 00:20:36]} {[%emt 00:00:04]} 54. Kf3 {[%clk
00:01:50]} {[%emt 00:00:18]} Rh8 {[%clk 00:20:44]} {[%emt 00:00:02]} 55. Rh4
{[%clk 00:01:57]} {[%emt 00:00:03]} f5 {[%clk 00:20:42]} {[%emt 00:00:12]} 56.
g4 {[%clk 00:01:34]} {[%emt 00:00:33]} fxg4+ {[%clk 00:20:51]} {[%emt
00:00:02]} 57. Kxg4 {[%clk 00:01:41]} {[%emt 00:00:02]} Kf6 {[%clk 00:21:00]}
{[%emt 00:00:01]} 58. h6 {[%clk 00:01:34]} {[%emt 00:00:17]} Rg8+ {[%clk
00:21:08]} {[%emt 00:00:02]} 59. Kf3 {[%clk 00:01:36]} {[%emt 00:00:08]} Rh8
{[%clk 00:21:10]} {[%emt 00:00:08]} 60. Ke4 {[%clk 00:01:35]} {[%emt 00:00:10]}
Kg6 {[%clk 00:21:08]} {[%emt 00:00:14]} 61. h7 {[%clk 00:01:20]} {[%emt
00:00:24]} Rxh7 {[%clk 00:21:11]} {[%emt 00:00:06]} 62. Rxh7 {[%clk 00:01:29]}
{[%emt 00:00:01]} Kxh7 {[%clk 00:21:20]} {[%emt 00:00:02]} 63. Kxe5 {[%clk
00:01:39]} {[%emt 00:00:01]} Kg7 {[%clk 00:21:28]} {[%emt 00:00:01]} 64. Kf5
{[%clk 00:01:47]} {[%emt 00:00:02]} Kf8 {[%clk 00:21:34]} {[%emt 00:00:04]} 65.
Kf6 {[%clk 00:01:46]} {[%emt 00:00:11]} Kg8 {[%clk 00:21:39]} {[%emt 00:00:05]}
66. f4 {[%clk 00:01:30]} {[%emt 00:00:26]} Kf8 {[%clk 00:21:46]} {[%emt
00:00:03]} 67. f5 {[%clk 00:01:38]} {[%emt 00:00:02]} Ke8 {[%clk 00:21:55]}
{[%emt 00:00:01]} 68. Kg7 {[%clk 00:01:47]} {[%emt 00:00:14]} 1-0

[Event "British Rapidplay Championship 2023"]
[Site "Mercure Bradford, Bankfield Hotel"]
[Date "2023.04.15"]
[Round "5.8"]
[White "Lloyd, Stephen M"]
[Black "Singh, Amrik J"]
[Result "1-0"]
[TimeControl "All moves in 15 minutes plus 10 second increment per move from move 1"]
[WhiteElo "1579"]
[BlackElo "2000"]

1. d4 {[%clk 00:15:18]} {[%emt 00:00:01]} g6 {[%clk 00:15:19]} {[%emt
00:00:01]} 2. e4 {[%clk 00:15:19]} {[%emt 00:00:09]} Bg7 {[%clk 00:15:28]}
{[%emt 00:00:01]} 3. Nc3 {[%clk 00:15:23]} {[%emt 00:00:06]} d6 {[%clk
00:15:37]} {[%emt 00:00:02]} 4. Be3 {[%clk 00:15:24]} {[%emt 00:00:08]} Nd7
{[%clk 00:15:45]} {[%emt 00:00:02]} 5. Qd2 {[%clk 00:15:26]} {[%emt 00:00:09]}
a6 {[%clk 00:15:54]} {[%emt 00:00:01]} 6. f3 {[%clk 00:15:21]} {[%emt
00:00:14]} b5 {[%clk 00:16:02]} {[%emt 00:00:02]} 7. Bd3 {[%clk 00:15:13]}
{[%emt 00:00:18]} Bb7 {[%clk 00:16:11]} 8. Nge2 {[%clk 00:15:04]} {[%emt
00:00:19]} Rc8 {[%clk 00:16:19]} {[%emt 00:00:02]} 9. Nd1 {[%clk 00:14:41]}
{[%emt 00:00:33]} c5 {[%clk 00:16:27]} {[%emt 00:00:02]} 10. c3 {[%clk
00:14:46]} {[%emt 00:00:06]} h6 {[%clk 00:16:30]} {[%emt 00:00:07]} 11. O-O
{[%clk 00:14:40]} {[%emt 00:00:15]} e5 {[%clk 00:16:14]} {[%emt 00:00:26]} 12.
Nf2 {[%clk 00:14:20]} {[%emt 00:00:30]} Ne7 {[%clk 00:16:03]} {[%emt 00:00:21]}
13. d5 {[%clk 00:13:48]} {[%emt 00:00:42]} f5 {[%clk 00:15:49]} {[%emt
00:00:24]} 14. f4 {[%clk 00:13:43]} {[%emt 00:00:15]} Nf6 {[%clk 00:15:28]}
{[%emt 00:00:32]} 15. Ng3 {[%clk 00:12:33]} {[%emt 00:01:18]} exf4 {[%clk
00:15:00]} {[%emt 00:00:39]} 16. Bxf4 {[%clk 00:12:21]} {[%emt 00:00:22]} g5
{[%clk 00:15:06]} {[%emt 00:00:04]} 17. Bxg5 {[%clk 00:11:12]} {[%emt
00:01:19]} hxg5 {[%clk 00:15:14]} {[%emt 00:00:02]} 18. Qxg5 {[%clk 00:10:42]}
{[%emt 00:00:40]} Bh6 {[%clk 00:14:45]} {[%emt 00:00:38]} 19. Qxf6 {[%clk
00:10:21]} {[%emt 00:00:32]} Kd7 {[%clk 00:14:31]} {[%emt 00:00:24]} 20. Nxf5
{[%clk 00:09:58]} {[%emt 00:00:32]} Nxf5 {[%clk 00:14:12]} {[%emt 00:00:30]} 21.
Qxf5+ {[%clk 00:09:53]} {[%emt 00:00:15]} Kc7 {[%clk 00:14:20]} {[%emt
00:00:02]} 22. Ng4 {[%clk 00:09:22]} {[%emt 00:00:41]} Bg5 {[%clk 00:13:58]}
{[%emt 00:00:32]} 23. a4 {[%clk 00:09:07]} {[%emt 00:00:25]} c4 {[%clk
00:13:13]} {[%emt 00:00:55]} 24. Be2 {[%clk 00:08:20]} {[%emt 00:00:57]} Kb6
{[%clk 00:11:55]} {[%emt 00:01:28]} 25. axb5 {[%clk 00:08:20]} {[%emt
00:00:10]} axb5 {[%clk 00:12:03]} {[%emt 00:00:02]} 26. b3 {[%clk 00:08:09]}
{[%emt 00:00:21]} cxb3 {[%clk 00:11:40]} {[%emt 00:00:32]} 27. Qf2+ {[%clk
00:07:48]} {[%emt 00:00:31]} Rc5 {[%clk 00:11:49]} {[%emt 00:00:02]} 28. Rab1
{[%clk 00:07:36]} {[%emt 00:00:22]} Bc8 {[%clk 00:11:24]} {[%emt 00:00:36]} 29.
Rxb3 {[%clk 00:07:21]} {[%emt 00:00:25]} Qe7 {[%clk 00:09:50]} {[%emt
00:01:43]} 30. Rxb5+ {[%clk 00:07:18]} {[%emt 00:00:14]} Kc7 {[%clk 00:09:55]}
{[%emt 00:00:04]} 31. Rxc5+ {[%clk 00:07:14]} {[%emt 00:00:14]} dxc5 {[%clk
00:10:03]} {[%emt 00:00:02]} 32. e5 {[%clk 00:07:05]} {[%emt 00:00:19]} Kd8
{[%clk 00:07:53]} {[%emt 00:02:20]} 33. d6 {[%clk 00:06:27]} {[%emt 00:00:49]}
Qh7 {[%clk 00:07:22]} {[%emt 00:00:40]} 34. Qf7 {[%clk 00:05:35]} {[%emt
00:01:02]} Qxf7 {[%clk 00:04:53]} {[%emt 00:02:39]} 35. Rxf7 {[%clk 00:05:43]}
{[%emt 00:00:02]} Bxg4 {[%clk 00:03:37]} {[%emt 00:01:25]} 36. Bxg4 {[%clk
00:05:51]} {[%emt 00:00:03]} Be3+ {[%clk 00:03:46]} {[%emt 00:00:02]} 37. Kf1
{[%clk 00:05:44]} {[%emt 00:00:17]} Bd2 {[%clk 00:03:44]} {[%emt 00:00:18]} 38.
Rd7+ {[%clk 00:04:44]} {[%emt 00:01:03]} Ke8 {[%clk 00:03:51]} {[%emt
00:00:03]} 39. Rc7 {[%clk 00:04:47]} {[%emt 00:00:06]} Rf8+ {[%clk 00:03:10]}
{[%emt 00:00:51]} 40. Ke2 {[%clk 00:04:52]} {[%emt 00:00:05]} Bf4 {[%clk
00:03:18]} {[%emt 00:00:02]} 41. Rc8+ {[%clk 00:04:06]} {[%emt 00:00:57]} Kf7
{[%clk 00:03:25]} {[%emt 00:00:02]} 42. e6+ {[%clk 00:04:13]} {[%emt 00:00:04]}
Kg7 {[%clk 00:03:23]} {[%emt 00:00:11]} 43. Rxf8 {[%clk 00:04:10]} {[%emt
00:00:13]} Kxf8 {[%clk 00:03:31]} {[%emt 00:00:01]} 44. e7+ {[%clk 00:04:13]}
{[%emt 00:00:08]} 1-0